Grupos de presión en Costa Rica

Guardat en:
Dades bibliogràfiques
Autor principal: Arias Sánchez, Oscar
Format: Text
Publicat: San José: Costa Rica
Etiquetes: Afegir etiqueta
Sense etiquetes, Sigues el primer a etiquetar aquest registre!

MARC

LEADER 00000 a a2200000 04500
001 24902
003
040 |a CRAI/IIS  |c CRAI/IIS 
090 |a 175500  
100 |a Arias Sánchez, Oscar  
245 |a Grupos de presión en Costa Rica  
260 |a San José:   |b Costa Rica  
300 |a 124 p  
999 |c 17067  |d 17067